00000000nam##2200000za#4500
0019.608760
003CaOODSP
00520230202144024
007ta
008150406|1993||||xxc|||||     f|0| 0 eng|d
020 |a0-662-20473-5
040 |aCaOODSP|beng
043 |an-cn---
0861 |aH72-22/10-1993E
1102 |aNational Clearinghouse on Family Violence (Canada)‏.
24510|aParent-child relationships: children / |cPrepared by Danièle Fréchette et al.
260 |aOttawa - Ontario : |bHealth and Welfare Canada. |c1993.
300 |a8p. : |breferences ; |c28 cm.
4901 |aInformation from the National Clearinghouse on Family Violence
500 |a"The...sheet deals with children's development and needs."--Page 1.
5203 |aThe...sheet deals with children's development and needs.--Page 1
590 |a93-13|b1993-04-02
69007|aParenting|2gcpds
69007|aChildren|2gcpds
7201 |aFréchette, Danièle
7760#|tParent-child relationships - children / |w(CaOODSP)9.572625
830#0|aInformation from the National Clearinghouse on Family Violence.|w(CaOODSP)9.514740